[Event "15th ETC"]
[Site "Gothenburg SWE"]
[Date "2005.07.31"]
[Round "2"]
[White "Timofeev,Arty"]
[Black "Guseinov,G"]
[Result "1/2-1/2"]
[WhiteElo "2661"]
[BlackElo "2585"]
[EventDate "2005.07.30"]

1. e4 c5 2. Nf3 Nc6 3. d4 cxd4 4. Nxd4 g6 5. c4 Bg7 6. Nc2 d6 7. Be2 f5 8.
exf5 Bxf5 9. O-O Nh6 10. Nc3 O-O 11. Bd2 Nf7 12. Rc1 a6 13. Be3 e6 14. Qd2
Qh4 15. f4 Bxc2 16. Rxc2 Rad8 17. Bf2 Qf6 18. Bb6 Rd7 19. Rcc1 Nh6 20. Rcd1
Nf5 21. Rf2 Kh8 22. Bg4 d5 23. cxd5 exd5 24. Nxd5 Qf7 25. Bxf5 Qxf5 26. Rf3
Ne7 1/2-1/2

[Event "15th ETC"]
[Site "Gothenburg SWE"]
[Date "2005.07.31"]
[Round "2"]
[White "Avrukh,B"]
[Black "Ruck,R"]
[Result "1-0"]
[WhiteElo "2652"]
[BlackElo "2546"]
[EventDate "2005.07.30"]

1. d4 Nf6 2. c4 g6 3. Nc3 d5 4. Nf3 Bg7 5. cxd5 Nxd5 6. e4 Nxc3 7. bxc3 c5
8. Rb1 O-O 9. Be2 cxd4 10. cxd4 Qa5+ 11. Bd2 Qxa2 12. O-O Bg4 13. Be3 Nc6
14. d5 Na5 15. Bg5 Qa3 16. Re1 b6 17. e5 Rad8 18. d6 exd6 19. Bxd8 Rxd8 20.
Ng5 Bf5 21. Rc1 Bh6 22. h4 Bxg5 23. hxg5 d5 24. Bg4 Bxg4 25. Qxg4 Qe7 26.
Rc8 Nb7 27. e6 Rxc8 28. exf7+ Qxf7 29. Qxc8+ Kg7 30. Re6 Nc5 31. Rc6 Qf8
32. Rc7+ Kg8 33. Qh3 1-0

[Event "15th ETC"]
[Site "Gothenburg SWE"]
[Date "2005.07.31"]
[Round "2"]
[White "Ivanchuk,V"]
[Black "Van Wely,L"]
[Result "1/2-1/2"]
[WhiteElo "2752"]
[BlackElo "2655"]
[EventDate "2005.07.30"]

1. c4 Nf6 2. Nf3 e6 3. g3 a6 4. Nc3 d5 5. cxd5 exd5 6. d4 Be7 7. Bg2 O-O 8.
O-O c6 9. Ne5 Nbd7 10. Nxd7 Bxd7 11. Qb3 Bc8 12. Bf4 Bd6 13. e3 Bxf4 14.
exf4 Ne8 15. Rfe1 Nd6 16. Qb4 b6 17. b3 a5 18. Qa3 Nf5 19. Rad1 Re8 20. Re5
f6 21. Rxe8+ Qxe8 22. b4 Bb7 23. b5 cxb5 24. Qb3 Kh8 25. Nxb5 Qd8 26. Rc1
Rc8 27. Rxc8 Bxc8 28. Bxd5 Ba6 29. h4 Qe8 30. Bc4 Qe1+ 31. Bf1 Nxd4 32. Qd5
Bxb5 33. Qd8+ Qe8 1/2-1/2

[Event "15th ETC"]
[Site "Gothenburg SWE"]
[Date "2005.07.31"]
[Round "2"]
[White "Sokolov,I"]
[Black "Eljanov,P"]
[Result "1/2-1/2"]
[WhiteElo "2691"]
[BlackElo "2639"]
[EventDate "2005.07.30"]

1. d4 Nf6 2. c4 g6 3. Nc3 d5 4. cxd5 Nxd5 5. Bd2 Bg7 6. e4 Nb6 7. Be3 O-O
8. h3 e5 9. Nf3 exd4 10. Bxd4 Bxd4 11. Qxd4 Nc6 12. Qe3 Be6 13. Rd1 Qe7 14.
Bd3 Nc4 15. Qc1 Qb4 16. b3 N4e5 17. Nxe5 Nxe5 18. O-O Rad8 19. Bb1 Qc5 20.
Qb2 Nf3+ 21. gxf3 Qg5+ 22. Kh1 Qh5 23. Nd5 Rxd5 24. Rxd5 Qxf3+ 25. Kg1 Bxh3
26. Rg5 Bxf1 27. Kxf1 Rd8 28. Rd5 Rxd5 29. exd5 Qd1+ 30. Kg2 Qg4+ 1/2-1/2

[Event "15th ETC"]
[Site "Gothenburg SWE"]
[Date "2005.07.31"]
[Round "2"]
[White "Karjakin,Sergey"]
[Black "Tiviakov,S"]
[Result "1/2-1/2"]
[WhiteElo "2645"]
[BlackElo "2678"]
[EventDate "2005.07.30"]

1. e4 c5 2. Nf3 Nc6 3. d4 cxd4 4. Nxd4 g6 5. Nc3 Bg7 6. Be3 Nf6 7. Bc4 O-O
8. Bb3 d6 9. f3 Bd7 10. Qd2 Nxd4 11. Bxd4 b5 12. h4 a5 13. h5 e5 14. hxg6
exd4 15. Bxf7+ Kh8 16. Qxd4 h6 17. O-O-O b4 18. Nd5 Be8 19. Bxe8 Ng8 20.
Qb6 1/2-1/2

[Event "15th ETC"]
[Site "Gothenburg SWE"]
[Date "2005.07.31"]
[Round "2"]
[White "Timman,J"]
[Black "Kuzubov,Y"]
[Result "1-0"]
[WhiteElo "2625"]
[BlackElo "2535"]
[EventDate "2005.07.30"]

1. c4 e5 2. g3 Nf6 3. Bg2 Nc6 4. Nc3 Bb4 5. Nd5 Bc5 6. e3 Nxd5 7. cxd5 Ne7
8. Ne2 O-O 9. O-O c6 10. d4 exd4 11. exd4 Bb6 12. d6 Nf5 13. Bf4 Qf6 14.
Be5 Qh6 15. Nc3 Nxd6 16. d5 Nf5 17. d6 Re8 18. Re1 Re6 19. Qd3 Qh5 20. Bf3
Qg6 21. Bf4 Nd4 22. Be4 Qh5 23. Bg2 Qg6 24. Be4 Qh5 25. Na4 f5 26. Nxb6
fxe4 27. Qxd4 axb6 28. Rxe4 Qc5 29. Qd3 Qf5 30. Rae1 Ra4 31. f3 h5 32. Qb3
Raxe4 33. fxe4 Qc5+ 34. Kg2 g5 35. Be3 Qxd6 36. Bxg5 Qc5 37. Bf6 d5 38. e5
Qd4 39. Qc2 1-0

[Event "15th ETC"]
[Site "Gothenburg SWE"]
[Date "2005.07.31"]
[Round "2"]
[White "Bacrot,E"]
[Black "Navara,D"]
[Result "1/2-1/2"]
[WhiteElo "2729"]
[BlackElo "2663"]
[EventDate "2005.07.30"]

1. d4 Nf6 2. c4 g6 3. Nc3 d5 4. cxd5 Nxd5 5. e4 Nxc3 6. bxc3 c5 7. Nf3 Bg7
8. Rb1 O-O 9. Be2 b6 10. O-O Bb7 11. Qd3 Qc7 12. d5 Nd7 13. Qc2 Ne5 14.
Nxe5 Qxe5 15. c4 e6 16. Bb2 Qc7 17. Bxg7 Kxg7 18. a4 exd5 19. exd5 Rfe8 20.
Bd3 Bc8 21. a5 Rb8 22. axb6 axb6 23. Qc3+ Qe5 24. Qxe5+ Rxe5 25. Rb3 Bf5
26. Bxf5 Rxf5 27. g3 1/2-1/2

[Event "15th ETC"]
[Site "Gothenburg SWE"]
[Date "2005.07.31"]
[Round "2"]
[White "Korchnoi,V"]
[Black "Nisipeanu,LD"]
[Result "1/2-1/2"]
[WhiteElo "2615"]
[BlackElo "2679"]
[EventDate "2005.07.30"]

1. d4 Nf6 2. c4 e6 3. Nf3 b6 4. Nc3 Bb4 5. Qb3 c5 6. a3 Ba5 7. Bd2 O-O 8.
e3 Bb7 9. dxc5 Bxf3 10. gxf3 bxc5 11. f4 Nc6 12. Bg2 Rb8 13. Qc2 Ne7 14.
O-O-O d5 15. cxd5 exd5 16. Nxd5 Bxd2+ 17. Rxd2 Nexd5 18. Bxd5 Nxd5 19. Rhd1
Nxe3 20. Rxd8 Nxc2 21. Rxb8 Rxb8 22. Kxc2 Kf8 23. Rd7 Rb6 24. Rxa7 Rh6 25.
b4 cxb4 26. axb4 Rxh2 27. b5 Rxf2+ 28. Kc3 Rf3+ 29. Kc4 Rxf4+ 30. Kc5 Rf5+
31. Kc6 Rf6+ 32. Kc7 Ke7 33. b6 Rf1 34. b7 Rc1+ 35. Kb6 Rb1+ 36. Kc6 Ke6
37. Ra5 Rxb7 38. Kxb7 f5 39. Kc6 g5 40. Kc5 Ke5 41. Kc4+ Ke4 42. Kc3 h5 43.
Kd2 h4 44. Ke2 g4 45. Ra4+ Ke5 46. Ke3 h3 47. Ra5+ Kf6 48. Kf4 Kg6 49. Rb5
Kh6 50. Rb6+ Kg7 51. Ra6 Kf7 1/2-1/2

[Event "15th ETC"]
[Site "Gothenburg SWE"]
[Date "2005.07.31"]
[Round "2"]
[White "Gallagher,Jo"]
[Black "Parligras,M"]
[Result "1/2-1/2"]
[WhiteElo "2544"]
[BlackElo "2571"]
[EventDate "2005.07.30"]

1. e4 c5 2. Nf3 Nc6 3. d4 cxd4 4. Nxd4 Nf6 5. Nc3 e5 6. Ndb5 d6 7. Nd5 Nxd5
8. exd5 Nb8 9. a4 Be7 10. Be2 O-O 11. O-O Nd7 12. Kh1 f5 13. f4 a6 14. Na3
exf4 15. Bxf4 Ne5 16. Nc4 Nxc4 17. Bxc4 Bf6 18. c3 g5 19. Be3 Be5 20. Bd4
Qf6 21. Bxe5 dxe5 22. d6+ Be6 23. Qb3 Bxc4 24. Qxc4+ Rf7 25. Rad1 Rd8 26.
Qd5 e4 27. Rfe1 Kg7 28. c4 Qxb2 29. Rxe4 Rxd6 30. Qxd6 fxe4 31. h4 Qf6 32.
hxg5 Qxg5 33. Qd4+ Kg8 34. Kg1 e3 35. Re1 Re7 36. Qd8+ Kg7 37. Qd4+ Qe5 38.
Qg4+ Kh8 39. Qc8+ Re8 40. Qxb7 Qc3 41. Re2 Qc1+ 42. Kh2 Qxc4 43. Qf3 Qh4+
44. Kg1 Rb8 45. Rb2 Re8 46. Re2 Qd4 47. Kh2 Qe5+ 48. g3 a5 49. Kg2 Kg7 50.
Qg4+ Kh8 51. Qf3 Qe4 52. Qxe4 Rxe4 53. Kf3 Rxa4 54. Rxe3 Ra1 55. Re7 a4 56.
Ra7 a3 57. g4 a2 1/2-1/2

[Event "15th ETC"]
[Site "Gothenburg SWE"]
[Date "2005.07.31"]
[Round "2"]
[White "Lupulescu,C"]
[Black "Jenni,F"]
[Result "0-1"]
[WhiteElo "2542"]
[BlackElo "2494"]
[EventDate "2005.07.30"]

1. e4 e5 2. Nf3 Nc6 3. Bb5 a6 4. Ba4 Nf6 5. O-O Be7 6. Re1 b5 7. Bb3 O-O 8.
h3 d6 9. c3 Re8 10. d4 h6 11. Nbd2 Bf8 12. Bc2 g6 13. d5 Ne7 14. c4 c5 15.
a3 Qc7 16. Bd3 Bd7 17. b4 Nc8 18. Bb2 bxc4 19. Nxc4 Nb6 20. Nfd2 Na4 21.
Bc1 Rab8 22. Bc2 Nc3 23. Qf3 Nb5 24. Bb2 Nh5 25. Bd3 Rec8 26. bxc5 Qxc5 27.
Nb3 Qa7 28. Bf1 Nc7 29. Bc1 Ne8 30. Be3 Qc7 31. Nca5 Ra8 32. Rec1 Qd8 33.
Nc6 Qf6 34. Qxf6 Nexf6 35. f3 Nf4 36. Nba5 h5 37. h4 Bh6 38. Kh2 Kh7 39. g3
N4xd5 40. Bxh6 Kxh6 41. exd5 Nxd5 42. Rd1 Rxc6 43. Rxd5 Be6 44. Rd2 Rc3 45.
Rxd6 Rb8 46. Rad1 Rxf3 47. R6d3 Rf2+ 48. Kg1 Rc2 49. Rd8 Rbb2 50. R8d6 e4
51. Nc6 Rc3 52. Nd8 Rxg3+ 53. Kh1 Bg4 54. R1d2 Rxd2 55. Rxd2 Kg7 56. Bxa6
Rxa3 57. Bc4 e3 58. Rc2 Bf5 59. Rc1 Be4+ 60. Kg1 f5 61. Rd1 Rc3 62. Be2 Kf6
63. Rd6+ Ke5 64. Nf7+ Kf4 65. Nh8 Rc1+ 66. Rd1 Rc2 67. Nxg6+ Kg3 68. Kf1 f4
69. Nxf4 Kxf4 70. Ra1 Bf3 71. Bd3 Rh2 0-1

[Event "15th ETC"]
[Site "Gothenburg SWE"]
[Date "2005.07.31"]
[Round "2"]
[White "Gormally,D"]
[Black "Gustafsson,J"]
[Result "1/2-1/2"]
[WhiteElo "2557"]
[BlackElo "2614"]
[EventDate "2005.07.30"]

1. e4 e5 2. Nf3 Nc6 3. Bb5 a6 4. Ba4 Nf6 5. O-O Be7 6. Re1 b5 7. Bb3 O-O 8.
c3 d5 9. exd5 Nxd5 10. Nxe5 Nxe5 11. Rxe5 c6 12. d3 Bd6 13. Re1 Bf5 14. Nd2
Nf4 15. Ne4 Nxd3 16. Bg5 Qd7 17. Nxd6 Qxd6 18. Re3 Rfe8 19. Bc2 Qg6 1/2-1/2

[Event "15th ETC"]
[Site "Gothenburg SWE"]
[Date "2005.07.31"]
[Round "2"]
[White "Pert,N"]
[Black "Dautov,R"]
[Result "1/2-1/2"]
[WhiteElo "2493"]
[BlackElo "2595"]
[EventDate "2005.07.30"]

1. d4 d5 2. c4 c6 3. Nf3 Nf6 4. Nc3 a6 5. e3 b5 6. c5 g6 7. b4 a5 8. bxa5
Qxa5 9. Bd2 b4 10. Nb1 Ne4 11. a3 Nxd2 12. Nfxd2 Qc7 13. Nb3 bxa3 14. Rxa3
Rxa3 15. Nxa3 Qb7 16. Nb1 e5 17. Bd3 Qb4+ 18. N1d2 Qc3 19. Qc2 Qxc2 20.
Bxc2 exd4 21. exd4 Ba6 22. Kd1 Bg7 23. Re1+ Kd8 24. Nf3 Re8 25. Rxe8+ Kxe8
26. Kd2 Bf1 27. g3 Kd8 28. Bd3 Bh6+ 29. Kc3 Bxd3 30. Kxd3 Nd7 1/2-1/2

[Event "15th ETC"]
[Site "Gothenburg SWE"]
[Date "2005.07.31"]
[Round "2"]
[White "Kempinski,R"]
[Black "Nielsen,PH"]
[Result "1/2-1/2"]
[WhiteElo "2619"]
[BlackElo "2668"]
[EventDate "2005.07.30"]

1. d4 d5 2. c4 c6 3. Nf3 Nf6 4. e3 Bf5 5. Bd3 Bxd3 6. Qxd3 e6 7. O-O Be7 8.
Nbd2 O-O 9. e4 dxe4 10. Nxe4 Nxe4 11. Qxe4 Nd7 12. b3 Qa5 13. Rd1 1/2-1/2

[Event "15th ETC"]
[Site "Gothenburg SWE"]
[Date "2005.07.31"]
[Round "2"]
[White "Schandorff,L"]
[Black "Socko,B"]
[Result "1/2-1/2"]
[WhiteElo "2519"]
[BlackElo "2615"]
[EventDate "2005.07.30"]

1. d4 d5 2. c4 dxc4 3. Nf3 Nf6 4. e3 e6 5. Bxc4 c5 6. O-O a6 7. a4 Nc6 8.
Qe2 cxd4 9. Rd1 Be7 10. exd4 O-O 11. Nc3 Nb4 12. Ne5 Nfd5 13. Bb3 Bd7 14.
Qg4 Nf6 15. Qg3 Bc6 16. Bh6 Ne8 17. Bf4 Bd5 18. Nxd5 Nxd5 19. Bd2 Rc8 20.
Rac1 Nef6 21. Rxc8 Qxc8 22. Bh6 Nh5 23. Qf3 Nhf6 24. Qg3 Nh5 25. Qf3 Nhf6
1/2-1/2

[Event "15th ETC"]
[Site "Gothenburg SWE"]
[Date "2005.07.31"]
[Round "2"]
[White "Hansen,SuB"]
[Black "Bobras,P"]
[Result "1/2-1/2"]
[WhiteElo "2568"]
[BlackElo "2525"]
[EventDate "2005.07.30"]

1. e4 c5 2. Nf3 d6 3. d4 cxd4 4. Nxd4 Nf6 5. Nc3 a6 6. Be2 e5 7. Nb3 Be7 8.
O-O O-O 9. Kh1 Nc6 10. f3 Be6 11. Nd5 b5 12. c3 Bxd5 13. exd5 Na5 14. Nxa5
Qxa5 15. c4 Rfc8 16. b3 Qb6 17. a4 bxa4 18. Rxa4 a5 19. Bd3 Nd7 20. f4 exf4
21. Bxf4 Nc5 22. Be3 g6 23. Qf3 Rf8 24. Bc2 Qc7 25. Raa1 Nd7 26. Bd4 a4 27.
Qf4 f5 28. Qg3 Bf6 29. Bxf6 Nxf6 30. Bxf5 axb3 31. Rxa8 Rxa8 32. Be6+ Kg7
33. Qxb3 h5 34. Qc3 Rf8 35. h3 Qe7 36. Qd4 Kh6 37. Qe3+ Kh7 38. Ra1 Rb8 39.
Qf4 Rb7 40. Rf1 Ne8 41. Qe3 Qg7 42. Qg5 Ra7 43. Kh2 Rc7 44. Qd8 Re7 45. Kh1
Kh6 46. Qb6 Ra7 47. Qe3+ Kh7 48. Kh2 Rc7 49. Qg5 Qe5+ 50. Qxe5 dxe5 51. Rf8
Nd6 52. Rd8 Nb7 53. Rd7+ Rxd7 54. Bxd7 Kg7 55. Bc6 Nd6 56. c5 Ne4 57. d6
Nxc5 58. Kg3 1/2-1/2

[Event "15th ETC"]
[Site "Gothenburg SWE"]
[Date "2005.07.31"]
[Round "2"]
[White "Spasov,V"]
[Black "Halkias,S"]
[Result "1-0"]
[WhiteElo "2551"]
[BlackElo "2548"]
[EventDate "2005.07.30"]

1. e4 c5 2. Nf3 e6 3. d4 cxd4 4. Nxd4 Nf6 5. Nc3 Nc6 6. Ndb5 d6 7. Bf4 e5
8. Bg5 a6 9. Na3 b5 10. Nd5 Be7 11. Bxf6 Bxf6 12. c3 Bb7 13. Nc2 Nb8 14. a4
bxa4 15. Rxa4 Nd7 16. Ra2 O-O 17. Bc4 Bg5 18. O-O a5 19. Qe2 Nb6 20. Nxb6
Qxb6 21. Rd1 Kh8 22. Ra3 Rab8 23. Rb3 Qc7 24. Na3 Bc6 25. Nb5 Bxb5 26. Rxb5
Rxb5 27. Bxb5 Rb8 28. g3 g6 29. Bc4 Kg7 30. b3 Rb6 31. h4 Bd8 32. Ra1 Rc6
33. h5 Bg5 34. Kg2 Rc5 35. Qf3 Qe7 36. Bd5 Qc7 37. Qg4 Bd2 38. hxg6 hxg6
39. Rh1 Qc8 40. Qh4 Rc7 41. Qh7+ Kf6 42. Rd1 Bf4 43. Rd3 Qg4 44. Qh8+ Ke7
45. Qg8 Rd7 46. Qxf7+ Kd8 47. Qg8+ Ke7 48. Be6 Qe2 49. Bxd7 Qxe4+ 50. Rf3
Kxd7 51. Qf7+ Kc6 52. gxf4 1-0

[Event "15th ETC"]
[Site "Gothenburg SWE"]
[Date "2005.07.31"]
[Round "2"]
[White "Mastrovasilis,D"]
[Black "Bojkov,D"]
[Result "1-0"]
[WhiteElo "2563"]
[BlackElo "2522"]
[EventDate "2005.07.30"]

1. e4 e5 2. Nf3 Nc6 3. Bb5 a6 4. Bxc6 dxc6 5. Nc3 f6 6. d4 exd4 7. Nxd4 c5
8. Nde2 Qxd1+ 9. Nxd1 Be6 10. Bf4 O-O-O 11. Ne3 Ne7 12. Rd1 Re8 13. O-O Nc6
14. f3 g5 15. Bg3 f5 16. Nd5 f4 17. Bf2 Ne5 18. Nf6 Rd8 19. Rxd8+ Kxd8 20.
Rd1+ Kc8 21. Nc3 h6 22. b3 Bg7 23. Ncd5 Bxf6 24. Nxf6 Rf8 25. Bxc5 Rd8 26.
Rxd8+ Kxd8 27. Bf8 Nf7 28. Kf2 c6 29. Bg7 b6 30. Ng8 h5 31. Nf6 h4 32. h3
Ke7 33. Nh7 Bd7 34. Bf6+ Ke8 35. Nxg5 1-0

[Event "15th ETC"]
[Site "Gothenburg SWE"]
[Date "2005.07.31"]
[Round "2"]
[White "Hillarp Persson,T"]
[Black "Solak,D"]
[Result "1/2-1/2"]
[WhiteElo "2511"]
[BlackElo "2557"]
[EventDate "2005.07.30"]

1. d4 d6 2. e4 e5 3. dxe5 dxe5 4. Qxd8+ Kxd8 5. Bc4 f6 6. f4 Nd7 7. Nf3 Bd6
8. fxe5 Nxe5 9. Nbd2 Ne7 10. Nxe5 Bxe5 11. Nf3 Ng6 12. c3 Bd6 13. O-O Re8
14. Re1 Ne5 15. Nxe5 Bxe5 16. Be3 c6 17. a4 Kc7 18. a5 Bg4 19. h3 Bh5 20.
Kf2 Bd6 21. Bd3 Re5 22. Bf4 Re7 23. Be3 c5 24. b4 Rd8 25. g4 Bg6 26. Red1
Bxe4 27. Be2 Bc6 28. Rxd6 Rxd6 29. Bxc5 Rxe2+ 30. Kxe2 Bb5+ 31. Kf2 Rd2+
32. Kg3 Rd3+ 33. Kh2 Rd2+ 34. Kg3 Rd3+ 35. Kh2 Rd2+ 1/2-1/2

[Event "15th ETC"]
[Site "Gothenburg SWE"]
[Date "2005.07.31"]
[Round "2"]
[White "Anastasian,A"]
[Black "Olsson,L"]
[Result "1-0"]
[WhiteElo "2595"]
[BlackElo "2352"]
[EventDate "2005.07.30"]

1. d4 Nf6 2. Nf3 e6 3. g3 c5 4. Bg2 cxd4 5. Nxd4 d5 6. O-O e5 7. Nb3 Nc6 8.
Bg5 Be6 9. Bxf6 gxf6 10. e3 a5 11. Nc3 a4 12. Nc1 Ra5 13. a3 Bg7 14. b4 Ra8
15. Nxd5 f5 16. Ne2 O-O 17. c4 e4 18. Rc1 Bb2 19. Rb1 Be5 20. f3 exf3 21.
Bxf3 Bg7 22. Nef4 Ne5 23. Qe2 Rc8 24. c5 Re8 25. Rbd1 Qg5 26. Rd2 Ng4 27.
Nxe6 Rxe6 28. h4 Qh6 29. Bxg4 fxg4 30. Nf4 1-0

[Event "15th ETC"]
[Site "Gothenburg SWE"]
[Date "2005.07.31"]
[Round "2"]
[White "Jobava,Ba"]
[Black "Sulskis,S"]
[Result "1/2-1/2"]
[WhiteElo "2621"]
[BlackElo "2535"]
[EventDate "2005.07.30"]

1. d4 Nf6 2. c4 e6 3. Nf3 d5 4. Nc3 Nbd7 5. Bg5 Be7 6. e3 O-O 7. Qc2 c5 8.
Rd1 Qa5 9. cxd5 Nxd5 10. Bxe7 Nxe7 11. Be2 cxd4 12. Rxd4 Nf6 13. O-O Bd7
14. Rfd1 Bc6 15. b4 Qc7 16. Rc4 Qb8 17. b5 Bd5 18. Nxd5 Nexd5 19. e4 Nf4
20. Bf1 Rc8 21. Rxc8+ Qxc8 22. Qd2 Ng6 23. Rc1 Qf8 24. Qe3 Qb4 25. Rc7 b6
26. Ng5 Ne5 27. Qg3 Qd6 28. Rb7 Rc8 29. Rxa7 h6 30. Nxf7 Nxf7 31. Qxd6 Nxd6
32. e5 Nxb5 33. Bxb5 Rc1+ 34. Bf1 Ng4 35. Re7 Rc6 36. f4 Rc1 37. Rxe6 Ne3
38. Kf2 Nxf1 39. Rxb6 Nxh2 40. a4 Ra1 41. Ra6 Ra3 42. a5 Ng4+ 43. Ke2 Ne3
44. Kf2 h5 45. Ra8+ Kf7 46. a6 Nd5 47. f5 Ne3 48. e6+ Ke7 49. Ra7+ Ke8 50.
Rxg7 Nxf5 51. Rh7 Rxa6 52. Rxh5 Ra2+ 53. Kf3 Nd4+ 54. Ke4 Nxe6 55. g4 Kf7
56. Rb5 Re2+ 57. Kd3 Re1 58. Rb6 Kf6 59. g5+ Kxg5 60. Kd2 Re5 61. Rb8 Re4
62. Rh8 Nf4 63. Rg8+ Kf5 64. Rf8+ Kg4 65. Rg8+ Kf3 66. Rf8 Re3 67. Kc2 Re7
68. Kd2 Ke4 69. Rd8 Rc7 70. Ra8 Rd7+ 71. Kc2 Nd3 72. Kd2 Nf4+ 73. Kc2 Ke3
74. Re8+ Kd4 75. Rb8 Ra7 76. Rb4+ 1/2-1/2

[Event "15th ETC"]
[Site "Gothenburg SWE"]
[Date "2005.07.31"]
[Round "2"]
[White "Kveinys,A"]
[Black "Pantsulaia,L"]
[Result "1/2-1/2"]
[WhiteElo "2510"]
[BlackElo "2510"]
[EventDate "2005.07.30"]

1. Nf3 c5 2. c4 Nf6 3. Nc3 e6 4. g3 b6 5. Bg2 Bb7 6. O-O d6 7. Re1 a6 8. e4
Nbd7 9. d4 cxd4 10. Nxd4 Qc7 11. Nd5 exd5 12. exd5+ Ne5 13. f4 O-O-O 14.
fxe5 dxe5 15. Nf5 h5 16. Be3 Ng4 17. Rc1 Nxe3 18. Nxe3 Bc5 19. a3 a5 20.
Kh1 g6 21. Rb1 h4 22. b4 axb4 23. axb4 Bxe3 24. Rxe3 hxg3 25. Rxg3 e4 26.
Kg1 f5 27. Qd4 Rh7 28. Rxg6 Qxh2+ 29. Kf1 Rh4 30. Qxb6 e3 31. Rc6+ Bxc6 32.
Qxc6+ Qc7 33. Qa6+ Kb8 34. Qb5+ Kc8 35. Qa6+ Kb8 36. Qb5+ Qb7 37. Qxb7+
Kxb7 38. d6+ Kc8 39. c5 Rf4+ 40. Ke1 Rg8 41. Rb2 Rgg4 42. Ra2 Rxb4 43. Bc6
Rgd4 44. Ra8+ Rb8 45. Ra7 Rb1+ 46. Ke2 Rb2+ 47. Kxe3 Rdb4 48. Bd5 f4+ 49.
Kf3 Rd4 50. Be6+ Kb8 51. Rc7 Rc2 52. Rc8+ Kb7 53. d7 Rc3+ 54. Kg4 f3+ 55.
Kg3 Rd2 56. Bd5+ Rxd5 1/2-1/2

[Event "15th ETC"]
[Site "Gothenburg SWE"]
[Date "2005.07.31"]
[Round "2"]
[White "Antoniou,A"]
[Black "Kozul,Z"]
[Result "0-1"]
[WhiteElo "2198"]
[BlackElo "2585"]
[EventDate "2005.07.30"]

1. e4 c5 2. Nf3 Nc6 3. d4 cxd4 4. Nxd4 Nf6 5. Nc3 d6 6. Bg5 e6 7. Qd2 a6 8.
O-O-O Bd7 9. f4 b5 10. Bxf6 gxf6 11. Nxc6 Bxc6 12. Qe1 h5 13. Kb1 h4 14. f5
Qe7 15. fxe6 fxe6 16. Ne2 Qg7 17. Nd4 Bd7 18. Qa5 Rh5 19. a4 Rb8 20. Qxa6
bxa4 21. Bc4 Re5 22. Rhf1 Be7 23. Nc6 Bxc6 24. Qxc6+ Kf7 25. Rxd6 Qg4 26.
Qc7 Re8 27. Rb6 Qxe4 28. Rb7 Qxg2 29. Rd1 Qg5 30. Rd7 Re1+ 31. Ka2 f5 32.
Qa5 Rh1 33. Rdc7 a3 34. Bb5 Ra1+ 35. Kb3 axb2 36. Bxe8+ Kf8 0-1

[Event "15th ETC"]
[Site "Gothenburg SWE"]
[Date "2005.07.31"]
[Round "2"]
[White "Palac,M"]
[Black "Kassinopoullos,D"]
[Result "1-0"]
[WhiteElo "2566"]
[BlackElo "2094"]
[EventDate "2005.07.30"]

1. e4 c5 2. Nf3 d6 3. d4 cxd4 4. Nxd4 Nf6 5. Nc3 g6 6. Be3 Bg7 7. f3 O-O 8.
Qd2 Nc6 9. O-O-O d5 10. Qe1 e5 11. Nxc6 bxc6 12. exd5 cxd5 13. Bg5 Be6 14.
Bc4 d4 15. Bxe6 fxe6 16. Ne4 Rb8 17. Bxf6 Bxf6 18. Kb1 Be7 19. Rd3 Qb6 20.
Rb3 Qc7 21. Qe2 Qc6 22. Rc1 a5 23. Rxb8 Rxb8 24. c4 Ba3 25. Rc2 Qb7 26. Nf2
e4 27. fxe4 a4 28. c5 Bb4 29. c6 Qc7 30. Qc4 Bc3 31. Qxe6+ Kh8 32. Qf6+ Kg8
33. Ng4 1-0

[Event "15th ETC"]
[Site "Gothenburg SWE"]
[Date "2005.07.31"]
[Round "2"]
[White "Klerides,P"]
[Black "Zelcic,R"]
[Result "0-1"]
[WhiteElo "2224"]
[BlackElo "2522"]
[EventDate "2005.07.30"]

1. e4 c6 2. d4 d5 3. exd5 cxd5 4. Bd3 Nc6 5. c3 Nf6 6. Bf4 g6 7. Nf3 Bg7 8.
h3 O-O 9. O-O Bf5 10. Bxf5 gxf5 11. Ne5 e6 12. Nd2 Ne7 13. Ndf3 Ng6 14. Bg5
Qc7 15. Qc1 Ne4 16. Bh6 f6 17. Nd3 Bxh6 18. Qxh6 Kh8 19. Nh4 Rg8 20. Rfe1
Rg7 21. Re3 Rag8 22. g3 Nxh4 23. Qxh4 e5 24. Kh1 Rg5 25. Rg1 f4 26. Ree1
fxg3 27. f3 g2+ 28. Kh2 Nd2 0-1

[Event "15th ETC"]
[Site "Gothenburg SWE"]
[Date "2005.07.31"]
[Round "2"]
[White "Pavasovic,D"]
[Black "Sammalvuo,T"]
[Result "1-0"]
[WhiteElo "2566"]
[BlackElo "2441"]
[EventDate "2005.07.30"]

1. e4 e5 2. Nf3 Nf6 3. Nxe5 d6 4. Nf3 Nxe4 5. d4 d5 6. Bd3 Nc6 7. O-O Be7
8. c4 Nb4 9. Re1 Nxd3 10. Qxd3 c6 11. cxd5 cxd5 12. Qb3 O-O 13. Nbd2 Bf6
14. Ne5 Bxe5 15. dxe5 Nxd2 16. Bxd2 Qb6 17. Qxb6 axb6 18. Bc3 Ra4 19. a3
Rc4 20. Rad1 Be6 21. f3 h5 22. Re3 b5 23. Red3 Rd8 24. h3 Rd7 25. Kf2 d4
26. Bxd4 Rc2+ 27. R1d2 Rxd2+ 28. Rxd2 g5 29. g4 hxg4 30. hxg4 Kg7 31. Ke3
Rd8 32. Rc2 Rc8 33. Bc3 Rd8 34. Bb4 Rc8 35. Rh2 Re8 36. Kd4 Bc4 37. Bc3 Kg6
38. Kc5 Rc8+ 39. Kb6 Rc6+ 40. Ka7 Bd5 41. Rh5 Ra6+ 42. Kb8 Re6 43. Bd2 Rxe5
44. f4 Re8+ 45. Kc7 Bc6 46. Rxg5+ Kh7 47. Bc3 Re7+ 48. Kb6 Re6 49. f5 Rd6
50. Be5 1-0

[Event "15th ETC"]
[Site "Gothenburg SWE"]
[Date "2005.07.31"]
[Round "2"]
[White "Maki Uuro,Mi"]
[Black "Borisek,J"]
[Result "1/2-1/2"]
[WhiteElo "2390"]
[BlackElo "2509"]
[EventDate "2005.07.30"]

1. Nf3 Nf6 2. c4 c5 3. Nc3 Nc6 4. g3 g6 5. d4 cxd4 6. Nxd4 d6 7. Bg2 Bd7 8.
Nxc6 Bxc6 9. e4 Bg7 10. Be3 Nd7 11. Rc1 a5 12. O-O O-O 13. Qe2 Nc5 14. Rfd1
Qb6 15. Rc2 a4 16. Nd5 Bxd5 17. cxd5 Rfc8 18. Rdc1 Ra5 19. Bf1 h5 20. Bd2
Raa8 21. Be3 Ra5 22. Bd2 Ra7 23. Be3 Ra5 1/2-1/2

[Event "15th ETC"]
[Site "Gothenburg SWE"]
[Date "2005.07.31"]
[Round "2"]
[White "Lenic,L"]
[Black "Nyysti,S"]
[Result "1/2-1/2"]
[WhiteElo "2463"]
[BlackElo "2344"]
[EventDate "2005.07.30"]

1. d4 Nf6 2. c4 e6 3. Nf3 b6 4. Nc3 Bb4 5. Bg5 Bb7 6. e3 h6 7. Bh4 g5 8.
Bg3 Ne4 9. Nd2 Nxc3 10. bxc3 Bxc3 11. Rc1 Ba5 12. h4 Rg8 13. Qh5 Qe7 14. c5
bxc5 15. Rxc5 Bb4 16. Rxc7 Bxd2+ 17. Kxd2 Qb4+ 18. Rc3 Qb2+ 1/2-1/2

[Event "15th ETC"]
[Site "Gothenburg SWE"]
[Date "2005.07.31"]
[Round "2"]
[White "San Segundo Carrillo,P"]
[Black "Pilaj,H"]
[Result "1-0"]
[WhiteElo "2514"]
[BlackElo "2425"]
[EventDate "2005.07.30"]

1. d4 d5 2. c4 c6 3. Nf3 Nf6 4. e3 a6 5. Nc3 b5 6. c5 g6 7. Bd3 Bg7 8. b4
a5 9. bxa5 Nfd7 10. Bd2 e5 11. Be2 e4 12. Ng1 b4 13. Nb1 Na6 14. a3 Qxa5
15. Ra2 Rb8 16. Qb3 Ndxc5 17. dxc5 Nxc5 18. axb4 Nxb3 19. bxa5 Nxa5 20.
Bxa5 Rxb1+ 21. Kd2 O-O 22. Kc2 Rb7 23. Bc3 Bxc3 24. Kxc3 Rb1 25. Kc2 Re1
26. Kd2 Rb1 27. Kc2 Re1 28. Kd2 Rb1 29. Bd1 Be6 30. Rc2 Rc8 31. Rc5 Kf8 32.
Ne2 Ke7 33. Nd4 Kd6 34. Rc1 Rb2+ 35. Rc2 Rb1 36. Rc1 Rb2+ 37. Bc2 c5 38.
Nxe6 fxe6 39. Rb1 Rxb1 40. Rxb1 Rc7 41. f3 exf3 42. gxf3 g5 43. Ra1 Rf7 44.
Ke2 Ke5 45. Ra8 h6 46. Rc8 c4 47. Rh8 Rf6 48. Bd1 Kd6 49. h3 e5 50. Kd2 Kc5
51. Re8 Kd6 52. Kc3 Rf7 53. Rh8 Kc5 54. Rc8+ Kd6 55. Ra8 Rb7 56. e4 dxe4
57. fxe4 Rc7 58. Ra6+ Kc5 59. Ra5+ Kd6 60. Rd5+ Ke6 61. Bg4+ Kf6 62. Rd6+
Kf7 63. Rxh6 1-0

[Event "15th ETC"]
[Site "Gothenburg SWE"]
[Date "2005.07.31"]
[Round "2"]
[White "Lendwai,R"]
[Black "Perez Candelario,Man"]
[Result "1/2-1/2"]
[WhiteElo "2416"]
[BlackElo "2504"]
[EventDate "2005.07.30"]

1. e4 e5 2. Bc4 Nf6 3. d3 Nc6 4. Nf3 Bc5 5. O-O d6 6. c3 a6 7. Bb3 Ba7 8.
Be3 O-O 9. Nbd2 h6 10. Bxa7 Rxa7 11. Ne1 Ra8 12. a4 d5 13. a5 Be6 14. h3
Qe7 15. Nef3 Rad8 16. Re1 d4 17. cxd4 Nxd4 18. Nxd4 Rxd4 19. Bxe6 Qxe6 20.
Qc2 Qd6 21. Nc4 Qe7 22. Ne3 g6 23. Ra3 c6 24. Nc4 Rfd8 25. Rb3 Nh5 26. g3
Ng7 27. Re3 f6 28. Nd2 Ne6 29. Kg2 Kg7 30. Nf3 R4d7 31. Qc4 Re8 32. Rc3 Nd4
33. Nd2 Qd8 34. b4 Nb5 35. Rc1 Rd4 36. Qb3 Qe7 37. Nc4 Red8 38. f4 Qe6 39.
fxe5 fxe5 40. Qb1 Rf8 41. Rf1 Nd6 42. Rxf8 Kxf8 43. Nd2 Nf7 44. Rf3 Kg7 45.
h4 h5 46. Nb3 Rd6 47. Nc5 Qe7 48. Qc1 Rd4 49. Qc3 Nd8 50. Qd2 Ne6 51. Nxe6+
Qxe6 52. Qg5 Qd6 53. Rf5 Rxd3 54. Rxe5 Rd2+ 55. Kh3 Qd7+ 56. Rf5 Rf2 57.
Qe3 Rxf5 58. exf5 Qxf5+ 59. Kh2 Qc2+ 60. Kh3 Qf5+ 61. Kh2 Qf6 62. Qb6 Qe7
63. Qd4+ Kh7 64. Qb6 Qe2+ 65. Kh3 Qb5 66. Qc7+ Kh6 67. Qf4+ Kg7 68. Qc7+
Kf6 69. Qd6+ Kf5 70. Qd7+ Kf6 71. Qd8+ Kf7 72. Qd7+ Kf6 73. Qd8+ Kf7 74.
Qd7+ Kf6 1/2-1/2